000 00302nam a22001337a 4500
008 170731b xxu||||| |||| 00| 0 eng d
020 _a0130224189
041 _aeng
080 _a004
100 _a32
101 _aSHK
245 _aALGORITHMS+ DATA STRUCTURES = PROGRAMS
_cWIRTH,N
942 _2udc
_cBK
999 _c22170
_d22170